000 00908nas a2200277 4500
001 BR8401483
003 BR-BrBNA
005 20231205085835.0
007 ta
008 230509b bl.|||p| |||| 00| 00por d
040 _aBR-BrBNA
_bpor
_cBiblioteca Nacional de Agricultura
041 _a(Pt)
072 _aL73
100 1 _aMarques Junior, A. de P.
100 1 _aLima, J.D.
100 1 _aMartins, N.E.
100 1 _aGomes, A.G.
245 1 _aAspectos hematologicos na sarcocistose bovina [Sarcocystis cruzi, protozoario]
246 1 _aHematological aspects of bovine sarcocytosis [Sarcocystis cruzi, protozoan]
650 _aBOVINO
650 _aCOCCIDIOSE
650 _aHEMATOLOGIA
773 0 _tArquivo Brasileiro de Medicina Veterinaria e Zootecnia (Brazil)
_xISSN 0365-8384
_g(Apr 1983), v. 35(2) p. 141-149
_wBR8401483
909 _a202311
_bLúcia
_c55
_dLúcia Elande
942 _2AGRIS
_n0
_cANA
999 _c114196
_d114196